<?xml version="1.0" encoding="UTF-8"?>
<record
    xmlns:xsi="http://www.w3.org/2001/XMLSchema-instance"
    xsi:schemaLocation="http://www.loc.gov/MARC21/slim http://www.loc.gov/standards/marcxml/schema/MARC21slim.xsd"
    xmlns="http://www.loc.gov/MARC21/slim">

  <leader>009820000a22002290004500</leader>
  <controlfield tag="001">202107</controlfield>
  <datafield tag="010" ind1=" " ind2=" ">
    <subfield code="a">ISBN 972-20-0677-0</subfield>
  </datafield>
  <datafield tag="090" ind1=" " ind2=" ">
    <subfield code="a">202107</subfield>
  </datafield>
  <datafield tag="100" ind1=" " ind2=" ">
    <subfield code="a">20220331              frey50        </subfield>
  </datafield>
  <datafield tag="200" ind1=" " ind2=" ">
    <subfield code="a">Verg&#xED;lio Ferreira</subfield>
    <subfield code="f">J. L. Gavilanes Laso</subfield>
    <subfield code="e">espa&#xE7;o simb&#xF3;lico e metaf&#xED;sico</subfield>
    <subfield code="g">tradu&#xE7;&#xE3;o de Ant&#xF3;nio Jos&#xE9; Massano</subfield>
  </datafield>
  <datafield tag="210" ind1=" " ind2=" ">
    <subfield code="a">Lisboa</subfield>
    <subfield code="c">Publica&#xE7;&#xF5;es Dom Quixote</subfield>
    <subfield code="d">1989</subfield>
  </datafield>
  <datafield tag="215" ind1=" " ind2=" ">
    <subfield code="a">348 p.</subfield>
    <subfield code="e">brochado</subfield>
    <subfield code="d">23 cm</subfield>
  </datafield>
  <datafield tag="225" ind1=" " ind2=" ">
    <subfield code="a">Estudos Portugueses</subfield>
    <subfield code="v">21</subfield>
  </datafield>
  <datafield tag="300" ind1=" " ind2=" ">
    <subfield code="a">Ensaio sobre a obra de Verg&#xED;lio Ferreira, constitu&#xED;do pela tese de doutoramento do autor, defendida em Junho em 1987 na Universidade de Salamanca.
Cont&#xE9;m dedicat&#xF3;ria e notas do Prof. Dr. Almeida Faria na folha de guarda
</subfield>
  </datafield>
  <datafield tag="606" ind1=" " ind2=" ">
    <subfield code="a">Literatura Portuguesa Ensaio</subfield>
    <subfield code="9">1822</subfield>
  </datafield>
  <datafield tag="675" ind1=" " ind2=" ">
    <subfield code="a">82.09</subfield>
    <subfield code="v">PT</subfield>
    <subfield code="z">por</subfield>
  </datafield>
  <datafield tag="675" ind1=" " ind2=" ">
    <subfield code="a">821.134.3-4</subfield>
    <subfield code="v">PT</subfield>
    <subfield code="z">por</subfield>
  </datafield>
  <datafield tag="700" ind1=" " ind2=" ">
    <subfield code="a">Laso</subfield>
    <subfield code="f">1944-</subfield>
    <subfield code="b">Jos&#xE9; Luis Gavilanes</subfield>
    <subfield code="9">17272</subfield>
  </datafield>
  <datafield tag="702" ind1=" " ind2=" ">
    <subfield code="9">10222</subfield>
    <subfield code="a">Massano</subfield>
    <subfield code="b">Ant&#xF3;nio Jos&#xE9; </subfield>
  </datafield>
  <datafield tag="801" ind1=" " ind2=" ">
    <subfield code="a">PT</subfield>
    <subfield code="b">BMMN</subfield>
    <subfield code="g">RPC</subfield>
  </datafield>
  <datafield tag="830" ind1=" " ind2=" ">
    <subfield code="c">Ana Falardo</subfield>
    <subfield code="f">Ana Falardo</subfield>
  </datafield>
  <datafield tag="990" ind1=" " ind2=" ">
    <subfield code="c">LIVROS</subfield>
  </datafield>
</record>
